Statistics for U.S. City By Neighborhood (Difficult)

Click here to take the quiz!

General Stats

  • This quiz has been taken 59 times
  • The average score is 4 of 10

Answer Stats

DistrictCity% Correct
Ybor CityTampa
73%
Adams MorganWashington D.C.
63%
Old PortPortland
50%
CrossroadsKansas City
46%
Strip DistrictPittsburgh
42%
River MarketLittle Rock
21%
Old TownWichita
21%
Sundance SquareFort Worth
19%
Tower DistrictFresno
15%
Fort SandersKnoxville
15%

Score Distribution

Percentile by Number Answered

Percent of People with Each Score

Your Score History

You have not taken this quiz